| 000 | 01277nam0a2200325 4500 | ||
|---|---|---|---|
| 001 | RU\NLR\bibl\1933705 | ||
| 005 | 20250616202630.0 | ||
| 010 |
_a978-5-4396-0140-0 _93000 |
||
| 021 |
_aRU _b2012-52416 _93822 |
||
| 035 | _a(NLR Aleph) 001923032 | ||
| 090 |
_a3332100 _c3332100 |
||
| 100 | _a20120813d2012 |||y0rusy50 ca | ||
| 101 | 0 | _arus | |
| 102 | _aRU | ||
| 105 | _ay ||||||||| | ||
| 200 | 1 |
_aОбъект охраны (преступления) в уголовном праве _eмонография _fВ.В. Мальцев |
|
| 210 |
_aМосква _cЮрлитинформ _d2012 |
||
| 215 |
_a509 с. _d22 |
||
| 300 | _aНа обороте тит.л. авт.: В.В. Мальцев - д.ю.н., проф., засл. юрист Рос. Федерации | ||
| 320 | _aБиблиогр. в подстроч. примеч. | ||
| 606 | 1 |
_aОбъект преступления в уголовном праве _yРоссийская Федерация _92452949 _3RU\NLR\auth\661458288 |
|
| 686 | _aХ628.101.3 | ||
| 700 | 1 |
_aМальцев _bВ. В. _gВасилий Васильевич _4070 |
|
| 801 | 0 |
_aRU _bNLR _c20120813 _gRCR |
|
| 801 | 1 |
_aRU _bNLR _c20120813 |
|
| 830 | _aавт. по кн. | ||
| 942 | _cBOOK | ||
| 980 | _aNBR | ||
| 980 | _aNB | ||